A monody to the memory of His Royal Highness Frederick Prince of Wales : By W. Kenrick.

Bibliographic Details
Main Author: Kenrick, W. (William), 1725?-1779
Format: eBook
Language:English
Series:Eighteenth century collections online.
Online Access:Full text online

MARC

Tag First Indicator Second Indicator Subfields
LEADER 00000cam a2200000 4500
001 in00001895331
006 m | d |
007 cr |n||||||||n
008 870916s1751 enk|||| s 00||||eng d
005 20260403171525.7
035 |a (CStRLIN)ESTCT172823 
040 |a Uk-ES  |c Uk-ES  |d Cu-RivES  |d CStRLIN  |d Thomson Gale  |d UtOrBLW 
100 1 |a Kenrick, W.  |q (William),  |d 1725?-1779. 
245 1 2 |a A monody to the memory of His Royal Highness Frederick Prince of Wales :  |b By W. Kenrick. 
264 3 |a London :  |b printed for F. Stamper and E. Downham; J. Robinson; and R. Wilson,  |c 1751. 
300 |a 2 unnumbered pages, 22p. ;  |c 4⁰. 
336 |a text  |b txt  |2 rdacontent 
337 |a computer  |b c  |2 rdamedia 
338 |a online resource  |b cr  |2 rdacarrier 
500 |a With a half-title. 
500 |a Reproduction of original from the Bodleian Library (Oxford). 
510 4 |a English Short Title Catalog,  |c ESTCT172823. 
533 |a Electronic reproduction.  |b Farmington Hills, Mich. :  |c Thomson Gale,  |d 2003.  |n Available via the World Wide Web.  |n Access limited by licensing agreements  |7 s2003 miunns 
500 |a Electronic resource. 
830 0 |a Eighteenth century collections online. 
856 4 0 |u http://proxy.library.tamu.edu/login?url=https://galenet.galegroup.com/servlet/ECCO?c=1&stp=Author&ste=11&af=BN&ae=T172823&tiPG=1&dd=0&dc=flc&docNum=CW106067153&vrsn=1.0&srchtp=a&d4=0.33&n=10&SU=0LRL+OR+0LRI&locID=txshracd2898  |z Full text online  |t 0 
999 |a MARS 
999 f f |s 940bcc73-7311-3d56-aec7-a0cb74d2f4a1  |i c5cf34dc-38ad-3c43-b7f8-b83afa961625  |t 0 
952 f f |a Texas A&M University  |b College Station  |c Electronic Resources  |s www_evans  |d Available Online  |t 0  |h No information provided 
998 f f |t 0  |l Available Online